Boys Names that start with C - Statistics

General Stats
  • This quiz has been taken 60 times
  • The average score is 7 of 15
Answer Stats
Hint Answer % Correct
Current king of England Charles
96%
Meg and Stewie's brother Chris
94%
Hans_____________Andersen Christian
79%
___________Brown. Good grief! Charlie
71%
Hobbes's friend Calvin
54%
Country singer Raye Colin
37%
Late Linkin Park frontman Chester
35%
He wears his sunglasses at night Corey
33%
The above people's maternal grandfather Carter
29%
___________of the Creek Craig
29%
Roman Emperor who preceded Nero Claudius
25%
Fictional baseball player who famously struck out. Casey
21%
Son of Dusty Rhoades Cody
21%
___________the slack-jawed yokel Cletus
19%
Killed by Katniss and Peeta at the 74th annual Hunger Games Cato
15%
No matching quizzes found
Score Distribution
Percent of People with Each Score
Percentile by Number Answered
Your Score History
You have not taken this quiz